000
00256 a2200097 4500
100
_a
Allama Iqbal Open University
245
_a
Mutaalah-i-Pakistan (Lazmi)
260
_a
Islamabad
_b
Jadid Book Depot
_c
090
_c
25045
_d
25045
942
_a
NUST-CAE
_c
M
_c
16720
999
_c
407103
_d
407103